<?xml version="1.0" encoding="UTF-8"?>
<record
    xmlns:xsi="http://www.w3.org/2001/XMLSchema-instance"
    xsi:schemaLocation="http://www.loc.gov/MARC21/slim http://www.loc.gov/standards/marcxml/schema/MARC21slim.xsd"
    xmlns="http://www.loc.gov/MARC21/slim">

  <leader>00569nam a22001337a 4500</leader>
  <datafield tag="040" ind1=" " ind2=" ">
    <subfield code="c">RUA</subfield>
  </datafield>
  <datafield tag="082" ind1=" " ind2=" ">
    <subfield code="a">LM A HEN 2017 B652 Or.1</subfield>
  </datafield>
  <datafield tag="100" ind1=" " ind2=" ">
    <subfield code="a">HENG PIN &#x17A0;&#x17C1;&#x1784; &#x1796;&#x17B8;&#x1793;</subfield>
  </datafield>
  <datafield tag="245" ind1=" " ind2=" ">
    <subfield code="a">study on land use and land cover change detection aoral district, kampong speu province &#x179F;&#x17B7;&#x1780;&#x17D2;&#x179F;&#x17B6;&#x179A;&#x1796;&#x17B8;&#x1780;&#x17B6;&#x179A;&#x1794;&#x17D2;&#x179A;&#x17C2;&#x1794;&#x17D2;&#x179A;&#x17BD;&#x179B;&#x178A;&#x17B8;&#x200B;&#x1793;&#x17B7;&#x1784;&#x200B; &#x1782;&#x1798;&#x17D2;&#x179A;&#x1794;&#x178A;&#x17B8;&#x1793;&#x17C5;&#x179F;&#x17D2;&#x179A;&#x17BB;&#x1780;&#x17AA;&#x179A;&#x17C9;&#x17B6;&#x179B; &#x1781;&#x17C1;&#x178F;&#x17D2;&#x178F;&#x1780;&#x17C6;&#x1796;&#x1784;&#x17CB;&#x179F;&#x17D2;&#x1796;&#x17BA;</subfield>
  </datafield>
  <datafield tag="260" ind1=" " ind2=" ">
    <subfield code="a">RUA</subfield>
    <subfield code="b">Phnom penh</subfield>
    <subfield code="c">2017</subfield>
  </datafield>
  <datafield tag="300" ind1=" " ind2=" ">
    <subfield code="a">ix;64p</subfield>
    <subfield code="b">ill;</subfield>
    <subfield code="c">29cm</subfield>
  </datafield>
  <datafield tag="856" ind1=" " ind2=" ">
    <subfield code="u"> HENG PIN</subfield>
  </datafield>
  <datafield tag="942" ind1=" " ind2=" ">
    <subfield code="c">LMA</subfield>
  </datafield>
  <datafield tag="999" ind1=" " ind2=" ">
    <subfield code="c">18471</subfield>
    <subfield code="d">18471</subfield>
  </datafield>
  <datafield tag="952" ind1=" " ind2=" ">
    <subfield code="0">0</subfield>
    <subfield code="1">0</subfield>
    <subfield code="4">0</subfield>
    <subfield code="6">LM_A_HEN_2017_000000000000000_B652_OR_1</subfield>
    <subfield code="7">0</subfield>
    <subfield code="9">82547</subfield>
    <subfield code="a">LBB</subfield>
    <subfield code="b">LBB</subfield>
    <subfield code="c">B652</subfield>
    <subfield code="d">2019-12-04</subfield>
    <subfield code="l">6</subfield>
    <subfield code="o">LM A HEN 2017 B652 Or.1</subfield>
    <subfield code="p">A42494</subfield>
    <subfield code="r">2025-07-29</subfield>
    <subfield code="s">2025-07-17</subfield>
    <subfield code="y">LMA</subfield>
  </datafield>
  <datafield tag="952" ind1=" " ind2=" ">
    <subfield code="0">0</subfield>
    <subfield code="1">0</subfield>
    <subfield code="2">ddc</subfield>
    <subfield code="4">0</subfield>
    <subfield code="6">LM_A_HEN_2017_000000000000000_B652_OR_2</subfield>
    <subfield code="7">0</subfield>
    <subfield code="9">82548</subfield>
    <subfield code="a">LBB</subfield>
    <subfield code="b">LBB</subfield>
    <subfield code="c">B652</subfield>
    <subfield code="d">2019-12-04</subfield>
    <subfield code="l">2</subfield>
    <subfield code="o">LM A HEN 2017 B652 Or.2</subfield>
    <subfield code="p">A44118</subfield>
    <subfield code="r">2025-08-11</subfield>
    <subfield code="s">2025-07-10</subfield>
    <subfield code="w">2019-12-04</subfield>
    <subfield code="y">LMA</subfield>
  </datafield>
  <datafield tag="952" ind1=" " ind2=" ">
    <subfield code="0">0</subfield>
    <subfield code="1">0</subfield>
    <subfield code="2">ddc</subfield>
    <subfield code="4">0</subfield>
    <subfield code="6">LM_A_HEN_2017_000000000000000_B652_OR_4</subfield>
    <subfield code="7">0</subfield>
    <subfield code="9">82549</subfield>
    <subfield code="a">LBB</subfield>
    <subfield code="b">LBB</subfield>
    <subfield code="c">B652</subfield>
    <subfield code="d">2019-12-04</subfield>
    <subfield code="l">5</subfield>
    <subfield code="o">LM A HEN 2017 B652 Or.4</subfield>
    <subfield code="p">A42274</subfield>
    <subfield code="r">2022-06-24</subfield>
    <subfield code="s">2022-06-08</subfield>
    <subfield code="w">2019-12-04</subfield>
    <subfield code="y">LMA</subfield>
  </datafield>
  <datafield tag="952" ind1=" " ind2=" ">
    <subfield code="0">0</subfield>
    <subfield code="1">0</subfield>
    <subfield code="2">ddc</subfield>
    <subfield code="4">0</subfield>
    <subfield code="6">LM_A_HEN_2017_000000000000000_B652_OR_5</subfield>
    <subfield code="7">0</subfield>
    <subfield code="9">82550</subfield>
    <subfield code="a">LBB</subfield>
    <subfield code="b">LBB</subfield>
    <subfield code="c">B652</subfield>
    <subfield code="d">2019-12-04</subfield>
    <subfield code="l">1</subfield>
    <subfield code="o">LM A HEN 2017 B652 Or.5</subfield>
    <subfield code="p">A43536</subfield>
    <subfield code="r">2026-02-06</subfield>
    <subfield code="s">2026-01-14</subfield>
    <subfield code="w">2019-12-04</subfield>
    <subfield code="y">LMA</subfield>
  </datafield>
  <datafield tag="952" ind1=" " ind2=" ">
    <subfield code="0">0</subfield>
    <subfield code="1">0</subfield>
    <subfield code="2">ddc</subfield>
    <subfield code="4">0</subfield>
    <subfield code="6">LM_A_HEN_2017_000000000000000_B652_OR_6</subfield>
    <subfield code="7">0</subfield>
    <subfield code="9">82551</subfield>
    <subfield code="a">LBB</subfield>
    <subfield code="b">LBB</subfield>
    <subfield code="c">B652</subfield>
    <subfield code="d">2019-12-04</subfield>
    <subfield code="o">LM A HEN 2017 B652 Or.6</subfield>
    <subfield code="p">A43422</subfield>
    <subfield code="r">2019-12-04</subfield>
    <subfield code="w">2019-12-04</subfield>
    <subfield code="y">LMA</subfield>
  </datafield>
  <datafield tag="952" ind1=" " ind2=" ">
    <subfield code="0">0</subfield>
    <subfield code="1">0</subfield>
    <subfield code="2">ddc</subfield>
    <subfield code="4">0</subfield>
    <subfield code="6">LM_A_HEN_2017_000000000000000_B652_OR_1</subfield>
    <subfield code="7">0</subfield>
    <subfield code="9">82552</subfield>
    <subfield code="a">LBB</subfield>
    <subfield code="b">LBB</subfield>
    <subfield code="c">B652</subfield>
    <subfield code="d">2019-12-04</subfield>
    <subfield code="o">LM A HEN 2017 B652 Or.1</subfield>
    <subfield code="r">2019-12-04</subfield>
    <subfield code="w">2019-12-04</subfield>
    <subfield code="y">LMA</subfield>
  </datafield>
</record>
